[Event "Challenge"]
[Site "http://www.queenalice.com/game.php?id=1517787"]
[Date "2018.2.28"]
[Round "-"]
[White "vivoferreira"]
[Black "GrandpaRichard"]
[Result "0-1"]
[WhiteElo "1584"]
[BlackElo "1693"]

1. e4 e5 2. Nf3 Nc6 3. d4 f6 4. d5 Nce7 5. Nc3 c6 6. Be3 b6 7. Bd3 Bb7 8. dxc6
Bxc6 9. Bb5 a5 10. Bxc6 Nxc6 11. Nb5 Nh6 12. O-O Ng4 13. Bd2 Na7 14. Ne1 Nxh2
15. Nxa7 Nxf1 16. Nb5 Nxd2 17. Qxd2 Bb4 18. c3 Bc5 19. Rd1 Kf7 20. Nd6+ Bxd6 21.
Qxd6 Ke8 22. g3 g5 23. f4 gxf4 24. gxf4 Rg8+ 25. Kf2 Rg4 26. fxe5 fxe5 27. Qxe5+
Qe7 28. Qh5+ Rg6 29. Qxh7 Qxh7 0-1

[Event "Challenge"]
[Site "http://www.queenalice.com/game.php?id=1518064"]
[Date "2018.3.2"]
[Round "-"]
[White "GrandpaRichard"]
[Black "Sonia"]
[Result "1-0"]
[WhiteElo "1696"]
[BlackElo "1674"]

1. d4 d5 2. c4 e6 3. cxd5 Qxd5 4. Nc3 Qa5 5. Bd2 Bb4 6. e4 Nf6 7. a3 Be7 8. Nd5
exd5 9. Bxa5 b6 10. Bb5+ c6 11. Bb4 cxb5 12. Bxe7 Kxe7 13. e5 Ne8 14. Qb3 Be6
15. Rc1 a6 16. Nf3 h6 17. h3 Kd8 18. O-O f6 19. Rfd1 f5 20. Nh4 g5 21. Nf3 Nd7
22. Rc6 Ng7 23. Rdc1 f4 24. R1c3 Ke7 25. g3 Kf7 26. Qc2 Bxh3 27. Rc8 Bf5 28. Qc1
Nc5 29. Rxa8 Rxa8 30. dxc5 Rc8 31. cxb6 Rb8 32. Rc7+ Kg6 33. gxf4 Rxb6 34. Rc6+
Rxc6 35. Qxc6+ Kh5 36. Qxd5 Ne6 37. Nd4 Nxf4 38. Qc6 Nh3+ 39. Kh2 Bg4 40. Qe8+
Kh4 41. Qg6 Nxf2 42. Qxh6+ Bh5 43. Nf5+ Kg4 44. Ne3+ Kh4 45. e6 a5 46. Qf6 Nd3
47. Ng2+ Kg4 48. Qd4+ Nf4 49. Nxf4 gxf4 50. e7 Kg5 51. Qe5+ Kg4 52. Qxh5+ Kxh5
53. e8=Q+ Kg4 54. Qxb5 Kf3 55. Kg1 Kg3 56. Qd3+ Kg4 57. Qe2+ Kf5 58. Kg2 a4 59.
Qf3 Kg5 60. Qe4 Kg4 61. Kf2 Kg5 62. Kf3 Kh5 63. Qxf4 Kg6 64. Kg4 Kh7 65. Qg5 Kh8
66. Kf5 Kh7 67. Kf6 1-0

[Event "Challenge"]
[Site "http://www.queenalice.com/game.php?id=1518065"]
[Date "2018.3.2"]
[Round "-"]
[White "Sonia"]
[Black "GrandpaRichard"]
[Result "1-0"]
[WhiteElo "1665"]
[BlackElo "1705"]

1. e4 e5 2. Nf3 Nc6 3. Bc4 Bc5 4. d3 h6 5. O-O d6 6. Nc3 Nf6 7. Nh4 Bg4 8. Nf3
Nd4 9. h3 Bxf3 10. gxf3 O-O 11. f4 exf4 12. Bxf4 Qd7 13. a3 Qxh3 14. Bg3 a6 15.
Nd5 Nxd5 16. Bxd5 c6 17. Ba2 Rad8 18. c3 d5 19. cxd4 Bxd4 20. Qf3 Bxb2 21. Rab1
Bd4 22. Rxb7 Rb8 23. Rc7 Rb6 24. Rd7 Qxd7 25. Kg2 Rb2 26. Bb1 Bc5 27. a4 Rb4 28.
Bc2 dxe4 29. dxe4 Qe6 30. Qd3 Qg6 31. Qxa6 Rb6 32. Qa5 Bd4 33. Qe1 Re8 34. f3
Rb2 35. Qe2 Be5 36. f4 Bd6 37. Qd3 Rb4 38. Rf3 Rbxe4 39. f5 Re2+ 40. Kf1 Bxg3
41. fxg6 f6 42. Rxg3 R8e5 43. Qb3+ 1-0

[Event "Challenge"]
[Site "http://www.queenalice.com/game.php?id=1520574"]
[Date "2018.3.21"]
[Round "-"]
[White "vivoferreira"]
[Black "GrandpaRichard"]
[Result "1-0"]
[WhiteElo "1484"]
[BlackElo "1730"]

1. e4 e5 2. d4 Bb4+ 3. Bd2 Bd6 4. d5 Na6 5. Bxa6 bxa6 6. Nc3 Bb7 7. Be3 Nf6 8.
Nf3 Bb4 9. Qd3 Bd6 10. Bg5 h6 11. Bxf6 Qxf6 12. O-O-O Qg6 13. g3 c6 14. dxc6
dxc6 15. Qxd6 Qxd6 16. Rxd6 f6 17. Rhd1 O-O 18. Rd7 Bc8 19. Rd8 Bg4 20. R8d3 Kh7
21. Ne2 Rab8 22. Neg1 Rb4 23. Rd8 Rxd8 24. Rxd8 Rxe4 25. Ra8 Ra4 26. a3 c5 27.
Rxa7 h5 28. Nd2 Kh6 29. f3 Bf5 30. c3 g5 31. Ne2 Ra5 32. Nc4 Rb5 33. Nd6 Bd3 34.
Nxb5 Bxb5 35. Kd2 Kg6 36. b3 Bc6 37. Rxa6 Bxf3 38. Ra5 c4 39. bxc4 Kf5 40. c5
Kg4 41. Ra6 f5 42. c6 Kh3 43. c7 Bb7 44. Ra7 Bc8 45. Ra8 Bb7 46. Re8 Kxh2 47.
Rxe5 Ba6 48. Rxf5 Bxe2 49. Kxe2 Kxg3 50. c8=Q Kg4 51. Rf3+ 1-0

[Event "Challenge"]
[Site "http://www.queenalice.com/game.php?id=1520575"]
[Date "2018.3.21"]
[Round "-"]
[White "GrandpaRichard"]
[Black "vivoferreira"]
[Result "1-0"]
[WhiteElo "1687"]
[BlackElo "1501"]

1. e4 c5 2. Nf3 e6 3. Bb5 a6 4. Bc4 Nc6 5. Nc3 b5 6. Be2 e5 7. d3 Bb7 8. Bg5 Be7
9. Bd2 Nf6 10. a3 Nd4 11. O-O Nxf3+ 12. Bxf3 d5 13. Ne2 dxe4 14. dxe4 Bxe4 15.
Ng3 Bxf3 16. Qxf3 O-O 17. Rad1 Qc7 18. Nf5 g6 19. Nxe7+ Qxe7 20. Bg5 e4 21. Bxf6
Qe6 22. Qf4 Rfe8 23. Rd6 Qc8 24. Qh6 Rf8 25. Qg7# 1-0

[Event "Challenge"]
[Site "http://www.queenalice.com/game.php?id=1525372"]
[Date "2018.4.29"]
[Round "-"]
[White "GrandpaRichard"]
[Black "vivoferreira"]
[Result "1-0"]
[WhiteElo "1725"]
[BlackElo "1453"]

1. e4 e5 2. d4 exd4 3. Qxd4 Nc6 4. Qe3 d6 5. Bb5 Bd7 6. Nc3 Nb4 7. Qe2 Bxb5 8.
Qxb5+ Nc6 9. Nf3 Rb8 10. Be3 Nf6 11. Bxa7 Rc8 12. Qxb7 d5 13. Qxc6+ Nd7 14. Nxd5
Bd6 15. O-O O-O 16. Rfe1 Ra8 17. Bd4 Qc8 18. e5 Re8 19. exd6 Rxe1+ 20. Rxe1 cxd6
21. Ne7+ 1-0

[Event "Challenge"]
[Site "http://www.queenalice.com/game.php?id=1526770"]
[Date "2018.5.10"]
[Round "-"]
[White "Sonia"]
[Black "GrandpaRichard"]
[Result "0-1"]
[WhiteElo "1639"]
[BlackElo "1704"]

1. e4 e5 2. Nf3 Nc6 3. c3 Nf6 4. d3 d5 5. exd5 Qxd5 6. c4 Qa5+ 7. Bd2 Nb4 8. h3
Qa6 9. Nxe5 Bf5 10. Bxb4 Bxb4+ 11. Nd2 O-O 12. a3 Bd6 13. Nef3 Rfe8+ 14. Be2
Bxd3 15. Nd4 Rxe2+ 16. Nxe2 Re8 17. O-O Bxe2 18. Qb1 Bxf1 19. Nxf1 Qxc4 20. Nd2
Qd4 21. Nf3 Qf4 22. Qd1 c6 23. g3 Qf5 24. Kg2 Be5 25. Rb1 h5 26. h4 Qd7 27. Qc2
Qd5 28. Rd1 Qe4 29. Qb3 b5 30. Re1 Qd5 31. Qc2 a5 32. Rd1 Bd4 33. Rb1 Ng4 34. b3
Nxf2 35. Rc1 c5 36. Qa2 Ng4 37. Rf1 a4 38. Kh3 axb3 39. Qd2 b2 40. Qc2 Ne3 41.
Qd3 Nxf1 42. Qxf1 Qf5+ 43. Kg2 Qc2+ 44. Kh3 b1=Q 45. Qg2 Qxg2+ 46. Kxg2 Re2+ 47.
Kh3 Qf5+ 0-1

[Event "Challenge"]
[Site "http://www.queenalice.com/game.php?id=1526771"]
[Date "2018.5.10"]
[Round "-"]
[White "GrandpaRichard"]
[Black "Sonia"]
[Result "1-0"]
[WhiteElo "1711"]
[BlackElo "1653"]

1. e4 e5 2. d4 Bd6 3. d5 Nf6 4. Bc4 Nxe4 5. Qg4 Nxf2 6. Qxg7 Rf8 7. Nf3 Nxh1 8.
Bg5 f6 9. Bh6 a6 10. Qxh7 Rf7 11. Qg6 Qe7 12. Qg8+ Rf8 13. Bxf8 Qxf8 14. Qg6+
Kd8 15. Nbd2 b5 16. Bd3 c6 17. Ke2 Bb7 18. Rf1 cxd5 19. Ng5 Kc7 20. Nh7 Qd8 21.
Nxf6 e4 22. Ne8+ Kb6 23. Qxd6+ Bc6 24. Bxe4 Qxe8 25. Rf8 Qh5+ 26. Bf3 Qh4 27.
Rxb8+ Rxb8 28. Qxb8+ Ka5 29. Nb3+ Ka4 30. Nc5+ Ka5 31. Nb7+ Ka4 32. Nc5+ Kb4 33.
Nd3+ Kc4 34. Ne5+ Kd4 35. Nxc6+ Kc5 36. Ne5 Qf2+ 37. Kd1 Qd4+ 38. Nd3+ Kc6 39.
Ke2 a5 40. Ne5+ Kc5 41. Qc7+ 1-0

[Event "Challenge"]
[Site "http://www.queenalice.com/game.php?id=1530820"]
[Date "2018.6.12"]
[Round "-"]
[White "GrandpaRichard"]
[Black "vivoferreira"]
[Result "0-1"]
[WhiteElo "1723"]
[BlackElo "1487"]

1. e4 e5 2. f4 exf4 3. Nf3 Nc6 4. d4 d5 5. e5 Bg4 6. h3 Bxf3 7. Qxf3 Nxd4 8. Qd3
c5 9. Bxf4 Qb6 10. b3 Be7 11. Nc3 c4 12. bxc4 dxc4 13. Qd2 Rd8 14. Na4 Qc6 15.
Nc3 Nf3+ 0-1

[Event "Challenge"]
[Site "http://www.queenalice.com/game.php?id=1531854"]
[Date "2018.6.19"]
[Round "-"]
[White "GrandpaRichard"]
[Black "colonelkurtz"]
[Result "1-0"]
[WhiteElo "1717"]
[BlackElo "1469"]

1. e4 c5 2. Nf3 e6 3. d4 b6 4. Nc3 h6 5. Bb5 a6 6. Bd3 d5 7. exd5 exd5 8. Qe2+
Ne7 9. O-O g5 10. Qe5 c4 11. Qxh8 Ng6 12. Bxg6 fxg6 13. Re1+ Kd7 14. Ne5+ Kc7
15. Qh7+ Bd7 16. Nxd7 Nxd7 17. Nxd5+ Kd6 18. Qf7 1-0

[Event "Challenge"]
[Site "http://www.queenalice.com/game.php?id=1596971"]
[Date "2020.1.21"]
[Round "-"]
[White "charles31"]
[Black "GrandpaRichard"]
[Result "0-1"]
[WhiteElo "1701"]
[BlackElo "1606"]

1. e4 e5 2. a3 Nf6 3. Nf3 Nc6 4. Bc4 d5 5. exd5 Nxd5 6. d3 h6 7. Bd2 Bg4 8. Nc3
Nxc3 9. Bxc3 Bd6 10. Qe2 O-O 11. h3 Bf5 12. g4 Bd7 13. Bd2 Re8 14. O-O-O Nd4 15.
Qe3 Nxf3 16. h4 Bc6 17. g5 h5 18. c3 Nxd2 19. Rxd2 Bxh1 20. g6 Rf8 21. gxf7+ Kh7
22. f3 Qf6 23. Bd5 c6 24. Be4+ g6 25. Rh2 Bxf3 26. Bxf3 e4 27. Bxe4 Bxh2 0-1

[Event "Challenge"]
[Site "http://www.queenalice.com/game.php?id=1596972"]
[Date "2020.1.21"]
[Round "-"]
[White "GrandpaRichard"]
[Black "charles31"]
[Result "1-0"]
[WhiteElo "1626"]
[BlackElo "1628"]

1. e4 e5 2. Nf3 d6 3. Bb5+ Bd7 4. Nc3 a6 5. Bxd7+ Qxd7 6. d4 exd4 7. Nxd4 Nc6 8.
Bg5 Nxd4 9. Qxd4 Be7 10. Qxg7 Bxg5 11. Qxh8 Kf8 12. Nd5 Qe6 13. Qxh7 c6 14. Nc7
Qc4 15. Nxa8 Bf6 16. c3 Bxc3+ 17. bxc3 Qxc3+ 18. Ke2 Qc2+ 19. Kf3 Qd3+ 20. Kf4
Qd2+ 21. Kg3 Qd3+ 22. f3 Qc3 23. Rab1 Qe5+ 24. Kh3 b5 25. Qf5 Qh8+ 26. Kg3 Ke7
27. Nc7 Qf6 28. Qxf6+ Kxf6 29. Nxa6 Ne7 30. Rhd1 Ke6 31. Nb4 c5 32. Nd5 Nc6 33.
Nc7+ Kd7 34. Nxb5 Nd4 35. Nxd4 cxd4 36. Rxd4 1-0

[Event "AUTO-INT-3540"]
[Site "http://www.queenalice.com/game.php?id=1612951"]
[Date "2020.5.20"]
[Round "1"]
[White "Mr_SPOCK"]
[Black "GrandpaRichard"]
[Result "0-1"]
[WhiteElo "1755"]
[BlackElo "1642"]

1. e4 e5 2. Nf3 Nc6 3. Nc3 Nf6 4. Bc4 h6 5. O-O Bc5 6. d3 O-O 7. Bxh6 gxh6 8.
Qd2 Kh7 9. Ne2 d5 10. exd5 Nxd5 11. d4 exd4 12. Bd3+ f5 13. g4 Ncb4 14. g5 Rg8
15. h4 h5 16. Ne5 Nxd3 17. g6+ Rxg6+ 18. Nxg6 Kxg6 19. Kg2 Qxh4 20. Rg1 Kh7 21.
Rh1 N3f4+ 22. Kg1 Nh3+ 23. Kg2 Qe4+ 24. Kxh3 Qf3+ 25. Ng3 Nf4+ 26. Kh2 Qg2# 0-1

[Event "AUTO-INT-3540"]
[Site "http://www.queenalice.com/game.php?id=1612952"]
[Date "2020.5.20"]
[Round "1"]
[White "GrandpaRichard"]
[Black "Mr_SPOCK"]
[Result "0-1"]
[WhiteElo "1663"]
[BlackElo "1722"]

1. e4 e5 2. Nf3 Nc6 3. Nc3 Nf6 4. d4 Bb4 5. a3 Bd6 6. d5 Ne7 7. Bg5 Ng6 8. Bc4
O-O 9. O-O Bc5 10. b4 Bb6 11. a4 a5 12. b5 d6 13. Qd2 h6 14. Be3 Ng4 15. Bxb6
cxb6 16. h3 Nf6 17. Ne2 Nh5 18. Ng3 Nhf4 19. Nf5 Qf6 20. g3 Nxh3+ 21. Kg2 Ng5
22. Nxg5 hxg5 23. Ne3 g4 24. Be2 Qg5 25. Nc4 Nf4+ 26. gxf4 exf4 27. Rg1 Qh4 0-1

[Event "AUTO-INT-3540"]
[Site "http://www.queenalice.com/game.php?id=1612963"]
[Date "2020.5.20"]
[Round "1"]
[White "SCORPION77"]
[Black "GrandpaRichard"]
[Result "0-1"]
[WhiteElo "1695"]
[BlackElo "1652"]

1. e4 e5 2. Nf3 Nc6 3. Bb5 a6 4. Bxc6 dxc6 5. d3 Bg4 6. h3 Bh5 7. g4 Bg6 8. Nxe5
Ne7 9. Nc3 Qd6 10. Bf4 Qb4 11. Qc1 f6 12. a3 Qb6 13. Nc4 Qd4 14. Be3 Qd7 15. Qd2
b5 16. Na5 Qd6 17. Bf4 Qe6 18. O-O-O Nc8 19. Bxc7 Kd7 20. Bg3 b4 21. axb4 Bxb4
22. Nb3 Qe7 23. Rhe1 Bd6 24. Bxd6 Qxd6 25. f4 Bf7 26. e5 fxe5 27. Rxe5 Bxb3 28.
cxb3 Nb6 29. Rde1 Rhe8 30. Rxe8 Rxe8 31. Rxe8 Kxe8 32. Ne4 Qh6 33. Qe3 Nd5 34.
Nf6+ Kf7 35. Nxd5 cxd5 36. g5 Qc6+ 37. Kb1 Qe6 38. Qxe6+ Kxe6 39. Kc2 d4 40. b4
Kf5 41. Kb3 Kxf4 42. Kc4 Ke5 43. Kc5 Kf4 44. h4 Ke3 45. Kc4 h6 0-1

[Event "AUTO-INT-3540"]
[Site "http://www.queenalice.com/game.php?id=1612964"]
[Date "2020.5.20"]
[Round "1"]
[White "GrandpaRichard"]
[Black "SCORPION77"]
[Result "1/2-1/2"]
[WhiteElo "1670"]
[BlackElo "1628"]

1. e4 e5 2. Nf3 Nc6 3. d4 exd4 4. Nxd4 Nxd4 5. Qxd4 d6 6. Bc4 Be6 7. O-O c5 8.
Bb5+ Bd7 9. Qd3 a6 10. Bc4 Nf6 11. Bg5 h6 12. Bh4 Be7 13. h3 b5 14. Bd5 Nxd5 15.
Qxd5 Bxh4 16. Qxd6 c4 17. Qe5+ Kf8 18. Qd5 Bf6 19. c3 Be6 20. Qc5+ Be7 21. Qe5
Bd6 22. Qd4 Bxh3 23. e5 Qg5 24. Qxd6+ Kg8 25. Qd5 Rd8 26. Qf3 Rd3 27. Qe4 Bf5
28. Qc6 Bh3 29. Na3 Bxg2 30. Qxg2 Qxg2+ 31. Kxg2 Kh7 32. Rad1 Rhd8 33. Rxd3 cxd3
34. Rd1 Kg6 35. Nc2 dxc2 36. Rc1 Rd2 37. Kf3 Kf5 38. Ke3 Rd5 39. f4 g5 40. fxg5
Rxe5+ 41. Kf3 hxg5 42. Rxc2 g4+ 43. Kg3 Re3+ 44. Kf2 Kf4 45. Kg2 Rg3+ 46. Kf2
Rh3 47. Kg2 Rh4 48. Rf2+ Ke3 49. Rxf7 Rh3 50. Rd7 Kf4 51. Ra7 Rh6 52. b3 g3 53.
c4 bxc4 54. bxc4 Rh2+ 55. Kg1 Rxa2 56. Rf7+ Ke3 57. Rd7 Kf3 58. Rf7+ Ke2 59. Kg2
Ra3 60. c5 Rc3 61. Ra7 Ra3 62. Re7+ Kd3 63. Kxg3 Rc3 64. Ra7 Kd4+ 65. Kf4 Ra3
66. c6 Rc3 67. Rxa6 Kd5 68. Kf5 Rxc6 69. Rxc6 Kxc6 70. Ke5 Kc5 1/2-1/2

[Event "AUTO-INT-3540"]
[Site "http://www.queenalice.com/game.php?id=1612969"]
[Date "2020.5.20"]
[Round "1"]
[White "krystian"]
[Black "GrandpaRichard"]
[Result "0-1"]
[WhiteElo "1338"]
[BlackElo "1668"]

1. c4 e5 2. Nc3 Nf6 3. g3 Nc6 4. Bg2 Bc5 5. e3 d6 6. Nf3 Bg4 7. Qa4 a6 8. O-O
O-O 9. Ne1 b5 10. cxb5 axb5 11. Qxb5 Qd7 12. Bxc6 Qe6 13. Bxa8 Rxa8 14. Nd3 e4
15. Nxc5 dxc5 16. Qxc5 c6 17. a4 Nd5 18. Nxd5 cxd5 19. Qc7 Rc8 20. Qa5 h6 21. b4
Qe5 22. Rb1 Be2 23. Re1 Bc4 24. b5 d4 25. b6 Qxa5 26. b7 Rb8 0-1

[Event "AUTO-INT-3540"]
[Site "http://www.queenalice.com/game.php?id=1612970"]
[Date "2020.5.20"]
[Round "1"]
[White "GrandpaRichard"]
[Black "krystian"]
[Result "1-0"]
[WhiteElo "1649"]
[BlackElo "1335"]

1. e4 c6 2. Nf3 d5 3. exd5 cxd5 4. d4 Bf5 5. Bb5+ Nc6 6. Nc3 Nf6 7. Ne5 Rc8 8.
Bf4 e6 9. Nxc6 bxc6 10. Ba6 Be7 11. Bxc8 Qxc8 12. Be5 O-O 13. O-O Qb7 14. b3 Nd7
15. Bf4 Bf6 16. Re1 Qb4 17. Ne2 Bg4 18. a3 Qb6 19. Rb1 Bxe2 20. Rxe2 Bxd4 21.
Be3 Bxe3 22. Rxe3 1-0